<?xml version="1.0" encoding="UTF-8"?><?xml-stylesheet type="text/xsl" href="static/style.xsl"?><OAI-PMH xmlns="http://www.openarchives.org/OAI/2.0/" xmlns:xsi="http://www.w3.org/2001/XMLSchema-instance" xsi:schemaLocation="http://www.openarchives.org/OAI/2.0/ http://www.openarchives.org/OAI/2.0/OAI-PMH.xsd"><responseDate>2026-04-14T02:17:44Z</responseDate><request verb="GetRecord" identifier="oai:www.recercat.cat:2072/453954" metadataPrefix="marc">https://recercat.cat/oai/request</request><GetRecord><record><header><identifier>oai:recercat.cat:2072/453954</identifier><datestamp>2026-02-05T20:34:04Z</datestamp><setSpec>com_2072_98</setSpec><setSpec>col_2072_378196</setSpec></header><metadata><record xmlns="http://www.loc.gov/MARC21/slim" xmlns:dcterms="http://purl.org/dc/terms/" xmlns:xsi="http://www.w3.org/2001/XMLSchema-instance" xmlns:doc="http://www.lyncode.com/xoai" xsi:schemaLocation="http://www.loc.gov/MARC21/slim http://www.loc.gov/standards/marcxml/schema/MARC21slim.xsd">
   <leader>00925njm 22002777a 4500</leader>
   <datafield ind2=" " ind1=" " tag="042">
      <subfield code="a">dc</subfield>
   </datafield>
   <datafield ind2=" " ind1=" " tag="720">
      <subfield code="a">Fernández Melián, María Clara</subfield>
      <subfield code="e">author</subfield>
   </datafield>
   <datafield ind2=" " ind1=" " tag="720">
      <subfield code="a">Universidad de Buenos Aires. Facultad de Ciencias Sociales</subfield>
      <subfield code="e">author</subfield>
   </datafield>
   <datafield ind2=" " ind1=" " tag="260">
      <subfield code="c">2015</subfield>
   </datafield>
   <datafield ind2=" " ind1=" " tag="520">
      <subfield code="a">Treball de recerca presentat al seminari de doctorat "Metodología de construcción de tipologías para el análisis de la realidad social" de la Universidad de Buenos Aires, Facultad de Ciencias Sociales</subfield>
   </datafield>
   <datafield ind2=" " ind1=" " tag="520">
      <subfield code="a">Este trabajo constituye un ejercicio de comparación entre distintas perspectivas sobre la estructura social con el fin de obtener una tipología de clases ocupacionales para la Ciudad Autónoma de Buenos Aires (CABA). Se consideran los esquemas de clase elaborados por Goldthorpe, Portes, Wright y Torrado y se realiza un análisis de correspondencias múltiples y de clasificación con el fin de construir un esquema propio que reúne cinco grupos: 1) empleadores y supervisores, 2) profesionales de grandes establecimientos, 3) trabajadores en establecimientos medios, 4) cuenta propia informales y 5) trabajadores sin calificación. Se utiliza la "Encuesta de movilidad social y opiniones sobre la sociedad actual" realizada en conjunto por dos equipos de investigación del Instituto de Investigaciones Gino Germani en el 2012 en la CABA.</subfield>
   </datafield>
   <datafield ind2=" " ind1=" " tag="520">
      <subfield code="a">This paper is en exercise of comparison between different perspectives of social structure in or-der to obtain an occupational class typology for the city of Buenos Aires. The class schemes considered were those elaborated by Goldhthorpe, Portes, Wright and Torrado and it is used a multiple correspond-ence analysis and clasification to build our classification which has five groups: 1) employes and supervisors, 2) professional worker from large establishments, 3) workers from medium establishments, 4) in-formal self-employee and 5) not-qualified self-employee. It is used the "Survey of social mobility and opinions about actual society" carried out jointly by two research groups of Gino Germani Research In-stitute in 2012 in CABA.</subfield>
   </datafield>
   <datafield tag="653" ind2=" " ind1=" ">
      <subfield code="a">Estructura social</subfield>
   </datafield>
   <datafield tag="653" ind2=" " ind1=" ">
      <subfield code="a">Clases</subfield>
   </datafield>
   <datafield tag="653" ind2=" " ind1=" ">
      <subfield code="a">Análisis de correspondencias múltiples</subfield>
   </datafield>
   <datafield tag="653" ind2=" " ind1=" ">
      <subfield code="a">Clasificación</subfield>
   </datafield>
   <datafield tag="653" ind2=" " ind1=" ">
      <subfield code="a">Social structure</subfield>
   </datafield>
   <datafield tag="653" ind2=" " ind1=" ">
      <subfield code="a">Classes</subfield>
   </datafield>
   <datafield tag="653" ind2=" " ind1=" ">
      <subfield code="a">Multiple correspondence analysis</subfield>
   </datafield>
   <datafield tag="653" ind2=" " ind1=" ">
      <subfield code="a">Classification</subfield>
   </datafield>
   <datafield ind2="0" ind1="0" tag="245">
      <subfield code="a">Esquemas de clasificación social : análisis comparativo para la Ciudad Autónoma de Buenos Aires</subfield>
   </datafield>
</record></metadata></record></GetRecord></OAI-PMH>